| 000 -Etiqueta do registo | |
|---|---|
| campo de controlo de comprimento fixo | 01056nam a2200325 4500 |
| 001 - Identificador do registo | |
| Campo de controlo | 71322 |
| 010 ## - ISBN | |
| Número (ISBN) | 978-989-33-4568-9 |
| 021 ## - Nº depósito legal | |
| Código do país | Portugal |
| Número | 514216/23 |
| 100 ## - Dados Gerais de Proc. | |
| Dados gerais de processamento | 20240110d2023 m||y0pory50030103ba |
| 101 0# - Língua da publicação | |
| Língua do texto, banda sonora, etc. | Português |
| 102 ## - País de Publicação | |
| País de publicação | Portugal |
| 105 ## - Dados Codif. Livros | |
| Dados codificados dos livros | y z 000zy |
| 106 ## - Atributos Físicos | |
| Dados codificados do material textual | r |
| 200 1# - Título | |
| Título próprio | Subscrevo!? |
| Informação de outro título | reflexões e provocações |
| Primeira menção de responsabilidade | Paulo Cunha |
| Outras menções de responsabilidade | fot. Daniel Santos |
| 210 #9 - Publicação, Distribuição | |
| Lugar da edição, distribuição, etc. | [S.l.] |
| Nome do editor, distribuidor, etc. | AlgarCongress |
| -- | Associação Cultural Música XXI |
| Data da publicação, distribuição, etc. | 2023 |
| 215 ## - Descrição física | |
| Descrição física | 358, [1] p. |
| 675 ## - CDU | |
| Notação | 821.134.3-92"20" |
| Edição | BN |
| Língua da edição | Português |
| 700 ## - Responsabilidade principal | |
| Palavra de ordem | Cunha |
| Outra parte do nome | Paulo |
| Datas | 1964- |
| Koha Internal Code | 16279 |
| 702 #1 - Responsabilidade secundária | |
| Koha Internal Code | 53352 |
| Palavra de ordem | Santos |
| Outra parte do nome | Daniel |
| Código de função | Fotógrafo |
| 801 #0 - Fonte de origem | |
| País | Portugal |
| Agência | BN |
| Regras de catalogação | RPC |
| 090 ## - Números de controlo do sistema (Koha) | |
| Número biblioitem do Koha (gerado automaticamente) | 71322 |
| 942 ## - Elementos de entrada adicionados (Koha) | |
| Tipo de item no Koha | Monografias |
| Suprimido | Disponível no OPAC |
| Removido (estado) | Perdido (estado) | Data de aquisição | Origem do registo (biblioteca) (codificado) | Código da organização que empresta ou é detentora (biblioteca) | Código de barras | Local | Número de inventário | Cota | Data de empréstimo ou depósito | Tipo de circulação (não pode ser emprestado) | Tipo de item e material |
|---|---|---|---|---|---|---|---|---|---|---|---|
| Disponível | Disponível | 2024-01-10 | Biblioteca Municipal Álvaro de Campos | Biblioteca Municipal Álvaro de Campos | BMTAV70721 | Sala de Adultos | 70721 | R3 CUN | 2024-09-05 | Normal | Monografias |